000 00394nam a22001697a 4500
003 MPLRDC
005 20220104142645.0
008 210129b ||||| |||| 00| 0 eng d
082 _a857.44 BYCB-2
100 _a不详
245 _a警世通言
_c
260 _a
_b博元出版社
_c1989
300 _b
490 _a古典文学
650 _a章回小说
942 _cBK
_o857.44 BYCB-2
999 _c32650
_d32640